Sports Venues in Indiana - Statistics

General Stats
  • This quiz has been taken 28 times
    27 since last reset
  • The average score is 8 of 23
Answer Stats
Sport City Answer % Correct
Football Indianapolis Lucas Oil Stadium
95%
Football Bloomington Memorial Stadium
81%
Basketball Bloomington Simon Skjodt Assembly Hall
76%
IndyCar Speedway Indianapolis Motor Speedway
67%
Basketball West Lafayette Mackey Arena
67%
Basketball Indianapolis Bankers Life Fieldhouse
62%
Basketball Indianapolis Hinkle Fieldhouse
62%
Baseball Indianapolis Victory Field
57%
Football South Bend Notre Dame Stadium
52%
Basketball/Hockey Indianapolis Indiana Farmers Coliseum
43%
Football West Lafayette Ross–Ade Stadium
33%
Baseball West Lafayette Alexander Field
24%
Basketball/Hockey Fort Wayne Allen County War Memorial Coliseum
24%
Football Muncie Scheumann Stadium
24%
Basketball Muncie Worthen Arena
24%
Baseball Bloomington Bart Kaufman Field
10%
Baseball Indianapolis Bush Stadium
10%
Basketball South Bend Edmund P. Joyce Center
10%
Baseball South Bend Four Winds Field at Coveleski Stadium
10%
Baseball Fort Wayne Parkview Field
10%
Football Indianapolis RCA Dome
10%
Baseball South Bend Frank Eck Stadium
0%
Baseball Gary U.S. Steel Yard
0%
No matching quizzes found
Score Distribution
Percent of People with Each Score
Percentile by Number Answered
Your Score History
You have not taken this quiz since the last reset